|
|
|
|
| LEADER |
02347nam a2200481 a 4500 |
| 001 |
EBC318640 |
| 003 |
MiAaPQ |
| 005 |
20200520144314.0 |
| 006 |
m o d | |
| 007 |
cr cn||||||||| |
| 008 |
020313s2002 nyu sb 001 0deng d |
| 010 |
|
|
|z 2002003941
|
| 020 |
|
|
|z 1892941902 (softcover : acid-free paper)
|
| 020 |
|
|
|z 1892941910 (hardcover : acid-free paper)
|
| 020 |
|
|
|z 9781892941909
|
| 020 |
|
|
|a 9781892941428 (electronic bk.)
|
| 035 |
|
|
|a (MiAaPQ)EBC318640
|
| 035 |
|
|
|a (Au-PeEL)EBL318640
|
| 035 |
|
|
|a (CaPaEBR)ebr10476883
|
| 035 |
|
|
|a (OCoLC)476113855
|
| 040 |
|
|
|a MiAaPQ
|c MiAaPQ
|d MiAaPQ
|
| 043 |
|
|
|a n-us---
|a e-gx---
|a e-ur---
|
| 050 |
|
4 |
|a E183.8.G3
|b D48 2002
|
| 082 |
0 |
4 |
|a 940.53/144/094
|2 21
|
| 100 |
1 |
|
|a Dietrich, John,
|d 1946-
|
| 245 |
1 |
4 |
|a The Morgenthau Plan
|h [electronic resource] :
|b Soviet influence on American postwar policy /
|c John Dietrich.
|
| 260 |
|
|
|a New York :
|b Algora Pub.,
|c c2002.
|
| 300 |
|
|
|a ix, 198 p.
|
| 504 |
|
|
|a Includes bibliographical references (p. 189-194) and index.
|
| 505 |
0 |
|
|a The origins of the Morgenthau Plan -- Planning for the Second Quebec Conference (Octagon) -- The Second Quebec Conference, September 11-16, 1944 -- Immediate consequences of the Quebec Conference -- German reaction to the Morgenthau Plan -- Joint chiefs of staff directive 1067 -- The economic consequences of the Morgenthau Plan -- Food rationing -- Enforced/slave labor -- The ethnic "cleansing" of Eastern Europe.
|
| 533 |
|
|
|a Electronic reproduction. Ann Arbor, MI : ProQuest, 2015. Available via World Wide Web. Access may be limited to ProQuest affiliated libraries.
|
| 600 |
1 |
0 |
|a Morgenthau, Henry,
|d 1891-1967
|x Views on foreign relations.
|
| 650 |
|
0 |
|a Reconstruction (1939-1951)
|z Germany.
|
| 651 |
|
0 |
|a United States
|x Foreign relations
|z Germany.
|
| 651 |
|
0 |
|a Germany
|x Foreign relations
|z United States.
|
| 651 |
|
0 |
|a United States
|x Foreign relations
|y 1945-1953.
|
| 651 |
|
0 |
|a United States
|x Foreign relations
|z Soviet Union.
|
| 651 |
|
0 |
|a Soviet Union
|x Foreign relations
|z United States.
|
| 651 |
|
0 |
|a Germany
|x Economic conditions
|y 1945-1990.
|
| 651 |
|
0 |
|a Germany
|x Social conditions
|y 20th century.
|
| 655 |
|
4 |
|a Electronic books.
|
| 710 |
2 |
|
|a ProQuest (Firm)
|
| 856 |
4 |
0 |
|u https://ebookcentral.proquest.com/lib/matrademy/detail.action?docID=318640
|z Click to View
|